Návrh opatrení na zdokonalenie činnosti personálneho manažmentu v podniku Novácke chemické závody, a. s. Nováky : Diplomová práca

Guardado en:
Detalles Bibliográficos
Autor principal: Píš, Marián (Autor)
Otros Autores: Štrpka, Alexander, 1938- (xxx)
Formato: Manuscrito Libro
Lenguaje:eslovaco
Publicado: Trnava : STU v Bratislave MtF KMK, 2002
Materias:
Etiquetas: Agregar Etiqueta
Sin Etiquetas, Sea el primero en etiquetar este registro!

MARC

LEADER 00000ntm a22000003a 4500
001 stu77308
005 20160719154957.1
008 020923s2002----xo------------------slo-d
040 |a STU  |b slo 
041 0 |a slo 
044 |a xo 
100 1 |a Píš, Marián  |4 aut 
245 1 |a Návrh opatrení na zdokonalenie činnosti personálneho manažmentu v podniku Novácke chemické závody, a. s. Nováky :  |b Diplomová práca 
260 |a Trnava :  |b STU v Bratislave MtF KMK,  |c 2002 
300 |a 65 s  |c abstr. + príl. 
650 7 |a personálny manažment  |2 stusub 
650 7 |a priemyselné inžinierstvo  |2 stusub 
700 1 |a Štrpka, Alexander,  |d 1938-  |4 xxx  |u M190  |U MTF Materiálovotechnologická fakulta  |T MTF Katedra priemyselného inžinierstva a manažmentu  |X 1490  |U M190  |Y 167  |7 A000001490